Biodiversidad marina y costera de México / (Record no. 57923)

MARC details
000 -LEADER
fixed length control field 00888cam a2200229 4500
005 - DATE AND TIME OF LATEST TRANSACTION
control field 20150310113351.0
008 - FIXED-LENGTH DATA ELEMENTS--GENERAL INFORMATION
fixed length control field 19931993 a spa
020 ## - INTERNATIONAL STANDARD BOOK NUMBER
International Standard Book Number 9686780122
050 04 - LIBRARY OF CONGRESS CALL NUMBER
Classification number QH77.M4
Item number B56 1993
245 00 - TITLE STATEMENT
Title Biodiversidad marina y costera de México /
Statement of responsibility, etc Sergio I. Salazar-Vallejo, Norma Emilia González, editores.
250 ## - EDITION STATEMENT
Edition statement 1a ed.
260 ## - PUBLICATION, DISTRIBUTION, ETC. (IMPRINT)
Place of publication, distribution, etc Chetumal, Quintana Roo :
Name of publisher, distributor, etc Comisión Nacional para el Conocimiento y Uso de la Biodiversidad : Centro de Investigaciones de Quintana Roo,
Date of publication, distribution, etc 1993
300 ## - PHYSICAL DESCRIPTION
Extent viii, 865 p. :
Other physical details il. ;
Dimensions 23cm.
500 ## - GENERAL NOTE
General note 1 ejemplar
504 ## - BIBLIOGRAPHY, ETC. NOTE
Bibliography, etc Incluye bibliografías y lista de lagos salinos
650 #4 - SUBJECT ADDED ENTRY--TOPICAL TERM
Topical term or geographic name as entry element Biodiversidad
Geographic subdivision México
650 #4 - SUBJECT ADDED ENTRY--TOPICAL TERM
Topical term or geographic name as entry element Biodiversidad marina
Geographic subdivision México
650 #4 - SUBJECT ADDED ENTRY--TOPICAL TERM
Topical term or geographic name as entry element Organismos costeros
Geographic subdivision México
700 1# - ADDED ENTRY--PERSONAL NAME
Personal name Salazar-Vallejo, Sergio I.,
Relator term ed.
700 1# - ADDED ENTRY--PERSONAL NAME
Personal name González, Norma Emilia,
Relator term ed.
942 ## - ADDED ENTRY ELEMENTS (KOHA)
Source of classification or shelving scheme Biblioteca del Cogreso de los Estados Unidos
Koha item type Libro
Holdings
Estado de pérdida Fuente de clasificación Estado del daño No para préstamo Ubicación permanente Ubicación actual Apartado o colección Fecha de adquisición Edición Área del conocimiento Clasificación Código de Barras Date last seen Número de copia Tipo de recurso
  Biblioteca del Cogreso de los Estados Unidos   Uso interno Biblioteca Biblioteca de la Facultad de Biología Biblioteca de la Facultad de Biología General 10/03/2015 1a ed. Ciencias Naturales y Exactas QH77.M4 B56 1993 BFB000001282 10/03/2015 C:1 Libro
  Biblioteca del Cogreso de los Estados Unidos     Biblioteca de la Facultad de Biología Biblioteca de la Facultad de Biología General 02/05/2017 1a. ed. Ciencias Naturales y Exactas QH77 .M4 B56 1993 BFB000005947 02/05/2017 C:2 Libro